000 00896cab a2200241 4500
001 E2782
008 090401t1996 xxu||||| |||| 00| 0 eng d
035 _a(Sirsi) u40929
041 _aeng
245 _aMartin v MacSween
260 _c1996
350 _a0
490 _aScots Law Times
_v1996 SLT (Land Ct) 28-31(4)
520 _aScottish Land Court. D M MacDonald. 23 January 1996. Landlord and tenant - croft - sublet - duration - whether sublet could continue on tacit relocation without consent of Crofters Commission - entry in register of crfts recognising continuation of sublet - Crofters (Scotland ) Act 1993
650 _aCROFTERS (SCOTLAND) ACT 1993
650 _aCROFTING
650 _aLANDLORD AND TENANT
_96252
650 _aSCOTTISH LAND COURT
650 _aSLC
690 _aLANDLORD AND TENANT-CASE LAW-AGRICULTURAL TENANCIES
942 _n0
948 _c04/03/1997
999 _c26247
_d26247